000 00429nab a2200145Ia 4500
003 ES-SlBCS
005 20210601135704.0
008 140529s1996 xxu||||| |||| 00| 0 spa d
041 _aspa
100 1 _aLossky, Nicolas
_910741
245 0 0 _aFecundidad y contradicciones de la emigración rusa
_c Nicolas Lossky
651 4 _aRusia-Emigración
_9235396
773 0 _tConcilium
_gnº. 268, 1996, págs. 87-93
_wRev134
942 _cAR
999 _c632307
_d632307